[Event "CRI-ch"]
[Site "San Jose"]
[Date "2024.01.14"]
[Round "9"]
[White "Ramirez Camacho, Daniel"]
[Black "Hernandez Perez, Javier Francisco"]
[Result "1-0"]
[WhiteElo "1607"]
[BlackElo "1309"]
[PlyCount "67"]
[EventDate "2024.01.06"]
[EventType "swiss"]
[EventRounds "9"]
[EventCountry "CRI"]
[SourceTitle "CBM 218 Extra"]
[Source "ChessBase"]
[SourceDate "2024.03.31"]
[SourceVersion "1"]
[SourceVersionDate "2024.03.31"]
[SourceQuality "1"]

1. e4 c5 2. Nc3 Nc6 3. Bb5 g6 4. Bxc6 bxc6 5. d3 Bg7 6. Nge2 d6 7. 0-0 Nf6 8. f4 0-0 9. Qe1 Bg4 10. Kh1 Bxe2 11. Nxe2 Nd7 12. f5 Ne5 13. Qh4 gxf5 14. exf5 Rb8 15. Nf4 e6 16. Qg3 exf5 17. Nh5 Ng6 18. Nxg7 Kxg7 19. b3 Qf6 20. Bg5 Qd4 21. Be3 Qg4 22. Qxd6 Rbe8 23. Rf3 Re6 24. Qxc5 Rfe8 25. Raf1 f4 26. Bxf4 Re2 27. Bg3 R8e5 28. Bxe5+ Rxe5 29. Rxf7+ Kh6 30. Qxa7 Re2 31. Rxh7+ Kg5 32. Qa5+ c5 33. Qd8+ Re7 34. h4+ 1-0

[Event "CRI-ch"]
[Site "San Jose"]
[Date "2024.01.06"]
[Round "2"]
[White "Ramirez Camacho, Daniel"]
[Black "Valverde Mora, Mauricio"]
[Result "0-1"]
[WhiteElo "1607"]
[BlackElo "1872"]
[PlyCount "84"]
[EventDate "2024.01.06"]
[EventType "swiss"]
[EventRounds "9"]
[EventCountry "CRI"]
[SourceTitle "CBM 218 Extra"]
[Source "ChessBase"]
[SourceDate "2024.03.31"]
[SourceVersion "1"]
[SourceVersionDate "2024.03.31"]
[SourceQuality "1"]

1. e4 c5 2. a3 Nc6 3. b4 e5 4. b5 Nd4 5. c3 Ne6 6. Bc4 Nf4 7. Qf3 Nf6 8. d3 Ng6 9. Ne2 Be7 10. 0-0 d5 11. Bb3 Bg4 12. Qe3 0-0 13. f4 c4 14. dxc4 dxc4 15. Bxc4 Qc7 16. fxe5 Qxc4 17. exf6 Bxf6 18. Nd4 Rac8 19. Bb2 Ne5 20. Nd2 Qd3 21. Qf4 h5 22. h3 Ng6 23. Qf2 Bg5 24. hxg4 Be3 25. gxh5 Qxd2 26. hxg6 fxg6 27. Qxe3 Qxe3+ 28. Kh1 Rxf1+ 29. Rxf1 Rc5 30. Rf3 Rh5+ 31. Rh3 Rxh3+ 32. gxh3 Qe1+ 33. Kg2 Qd2+ 34. Kf3 Qxb2 35. Ne2 Qxb5 36. Nf4 Qa6 37. e5 Qxa3 38. e6 Qxc3+ 39. Ke4 Qc6+ 40. Ke5 Qc7+ 41. Ke4 Qd6 42. Kf3 g5 0-1